[Event "Bucaramanga op"]
[Site "Bucaramanga"]
[Date "2023.09.08"]
[Round "5"]
[White "Hernandez Guarin, Samuel Andres"]
[Black "Solano Trillos, Thaliana"]
[Result "1-0"]
[WhiteElo "1558"]
[BlackElo "1369"]
[PlyCount "53"]
[EventDate "2023.09.06"]
[EventType "swiss"]
[EventRounds "9"]
[EventCountry "COL"]
[SourceTitle "EXT 2024"]
[Source "ChessBase"]
[SourceDate "2023.10.10"]
[SourceVersion "1"]
[SourceVersionDate "2023.10.10"]
[SourceQuality "1"]

1. d4 d5 2. c4 e6 3. Nc3 Nf6 4. Bg5 c6 5. e3 Nbd7 6. Nf3 Bd6 7. c5 Bc7 8. b4 b5 9. Bd3 a5 10. a3 0-0 11. e4 dxe4 12. Bxe4 Ra6 13. 0-0 e5 14. d5 h6 15. dxc6 Nb8 16. Qxd8 Bxd8 17. Bxf6 Bxf6 18. c7 Nc6 19. Nd5 Bg5 20. Nb6 Ne7 21. Rfd1 f5 22. Nxg5 fxe4 23. Nxe4 axb4 24. axb4 Rxa1 25. Rxa1 Kf7 26. Nd6+ Ke6 27. Ra8 1-0

[Event "COL-ch U18"]
[Site "Bogota"]
[Date "2023.05.12"]
[Round "2"]
[White "Hernandez Guarin, Samuel Andres"]
[Black "Ortega Rueda, Nicolas"]
[Result "1-0"]
[WhiteElo "1554"]
[BlackElo "1246"]
[PlyCount "75"]
[EventDate "2023.05.11"]
[EventType "swiss"]
[EventRounds "7"]
[EventCountry "COL"]
[SourceTitle "CBM 214 Extra"]
[Source "ChessBase"]
[SourceDate "2023.07.31"]
[SourceVersion "1"]
[SourceVersionDate "2023.07.31"]
[SourceQuality "1"]

1. d4 d5 2. c4 e6 3. Nc3 Nf6 4. Bg5 Nbd7 5. Nf3 c6 6. e3 Be7 7. Bd3 0-0 8. Qc2 Re8 9. 0-0 Nf8 10. Rac1 h6 11. Bh4 Qc7 12. Bxf6 Bxf6 13. cxd5 exd5 14. Nxd5 Qd6 15. Nxf6+ Qxf6 16. Bc4 Bf5 17. Qb3 b5 18. Bd3 Bg4 19. Ne5 Be6 20. Qa3 Bd7 21. Be4 Re6 22. Rc2 Rxe5 23. dxe5 Qe6 24. f4 f5 25. Bf3 Ng6 26. Rd1 Nh4 27. Be2 Ng6 28. Rd6 Qf7 29. Bh5 Qe7 30. Bxg6 Qh4 31. g3 Qg4 32. Qd3 b4 33. Rxd7 Qxg6 34. Rd6 Qf7 35. b3 Qf8 36. Rcxc6 Re8 37. Rc7 a5 38. Rdd7 1-0

[Event "COL-ch U16"]
[Site "Villavicencio"]
[Date "2022.05.15"]
[Round "8"]
[White "Toro Castaneda, Miguel Angel"]
[Black "Hernandez Guarin, Samuel Andres"]
[Result "1-0"]
[WhiteElo "2041"]
[BlackElo "1426"]
[PlyCount "53"]
[EventDate "2022.05.11"]
[EventType "swiss"]
[EventRounds "9"]
[EventCountry "COL"]
[SourceTitle "CBM 208 Extra"]
[Source "ChessBase"]
[SourceDate "2022.07.31"]
[SourceVersion "1"]
[SourceVersionDate "2022.07.31"]
[SourceQuality "1"]

1. Nf3 c6 2. g3 Nf6 3. Bg2 d5 4. 0-0 h6 5. d3 Bf5 6. Nbd2 e6 7. Re1 Be7 8. Nh4 Bh7 9. b3 Ng4 10. Nhf3 Qb6 11. d4 e5 12. h3 Nxf2 13. Kxf2 e4 14. c3 exf3 15. exf3 Kd7 16. f4 Na6 17. Qg4+ f5 18. Rxe7+ Kxe7 19. Qxg7+ Kd6 20. Ba3+ c5 21. Nc4+ dxc4 22. dxc5+ Nxc5 23. Rd1+ Ke6 24. Bd5+ Kd6 25. Qe5+ Kd7 26. Be6+ Ke8 27. Bxc5 1-0

[Event "COL-ch U16"]
[Site "Villavicencio"]
[Date "2022.05.14"]
[Round "6"]
[White "Hernandez Guarin, Samuel Andres"]
[Black "Urueta Gonzalez, Yeiren David"]
[Result "1-0"]
[WhiteElo "1426"]
[BlackElo "1518"]
[PlyCount "121"]
[EventDate "2022.05.11"]
[EventType "swiss"]
[EventRounds "9"]
[EventCountry "COL"]
[SourceTitle "CBM 208 Extra"]
[Source "ChessBase"]
[SourceDate "2022.07.31"]
[SourceVersion "1"]
[SourceVersionDate "2022.07.31"]
[SourceQuality "1"]

1. e4 c5 2. Nf3 d6 3. c3 Nf6 4. Bd3 e6 5. 0-0 g6 6. Bc2 Bg7 7. d3 0-0 8. Be3 Nbd7 9. Re1 b6 10. Nbd2 Bb7 11. Nf1 Ng4 12. Bd2 Re8 13. h3 Nge5 14. Ne3 d5 15. Nxe5 Nxe5 16. f4 Nd7 17. e5 f5 18. d4 c4 19. Ba4 Rf8 20. Bxd7 Qxd7 21. Rf1 Qe7 22. Qf3 Qh4 23. Be1 Qe7 24. Nc2 a5 25. Na3 Ba6 26. Nb1 b5 27. b3 cxb3 28. axb3 b4 29. Rf2 Bb5 30. Rfa2 Rfc8 31. Rxa5 Rxa5 32. Rxa5 bxc3 33. Nxc3 Be8 34. Nb5 Bxb5 35. Rxb5 Qa3 36. b4 Qa1 37. Qf2 Rc1 38. Kf1 Qa6 39. Qe2 Rc4 40. Ra5 Qb6 41. Qe3 Rxd4 42. Bf2 Rd1+ 43. Ke2 Qxe3+ 44. Bxe3 Rb1 45. b5 Bf8 46. b6 Rb2+ 47. Kd3 Rb3+ 48. Ke2 Rb2+ 49. Kd1 Rb3 50. Kc2 Rxe3 51. Rb5 Bc5 52. Rxc5 Re2+ 53. Kb3 Re1 54. Rc2 Re3+ 55. Kb4 Re1 56. Rb2 d4 57. b7 d3 58. b8Q+ Kg7 59. Qd8 Re4+ 60. Kc3 Rxf4 61. Qg5 1-0

[Event "COL-ch U16"]
[Site "Villavicencio"]
[Date "2022.05.13"]
[Round "4"]
[White "Hernandez Guarin, Samuel Andres"]
[Black "Bolanos Lopez, Juan Jacobo"]
[Result "0-1"]
[WhiteElo "1426"]
[BlackElo "1701"]
[PlyCount "92"]
[EventDate "2022.05.11"]
[EventType "swiss"]
[EventRounds "9"]
[EventCountry "COL"]
[SourceTitle "CBM 208 Extra"]
[Source "ChessBase"]
[SourceDate "2022.07.31"]
[SourceVersion "1"]
[SourceVersionDate "2022.07.31"]
[SourceQuality "1"]

1. e4 c5 2. Nc3 Nc6 3. Bb5 Nd4 4. Nf3 Nxb5 5. Nxb5 d6 6. Nc3 g6 7. d4 cxd4 8. Qxd4 Nf6 9. Bg5 Bg7 10. 0-0-0 0-0 11. e5 Ng4 12. Rhe1 h6 13. Bh4 g5 14. Bg3 Be6 15. Qe4 Qa5 16. Qa4 Qxa4 17. Nxa4 Nxe5 18. Nxe5 dxe5 19. Bxe5 Rac8 20. Nc3 Rfd8 21. Bxg7 Kxg7 22. Rxd8 Rxd8 23. Rd1 Rxd1+ 24. Kxd1 Kf6 25. Ke2 Ke5 26. a3 f5 27. f3 Bd7 28. Kd2 Bc6 29. Ke3 h5 30. Ne2 f4+ 31. Kd3 g4 32. Nd4 Bd7 33. c4 a6 34. b4 Kf6 35. Ne2 e5 36. Nc3 Bc6 37. Nd5+ Ke6 38. Ke4 b5 39. Kd3 bxc4+ 40. Kxc4 Bxd5+ 41. Kc5 gxf3 42. gxf3 Bxf3 43. a4 Be2 44. b5 axb5 45. a5 b4 46. Kxb4 f3 0-1

[Event "COL-ch U12"]
[Site "Cali"]
[Date "2019.06.22"]
[Round "6.3"]
[White "Rodriguez Pantoja, Obel"]
[Black "Hernandez Guarin, Samuel Andres"]
[Result "1-0"]
[WhiteElo "1621"]
[BlackElo "1386"]
[PlyCount "83"]
[EventDate "2019.06.19"]
[EventType "tourn"]
[EventRounds "9"]
[EventCountry "COL"]
[SourceTitle "CBM 191 Extra"]
[Source "ChessBase"]
[SourceDate "2019.09.30"]
[SourceVersion "1"]
[SourceVersionDate "2019.09.30"]
[SourceQuality "1"]

1. c4 e5 2. Nc3 Nf6 3. Nf3 Nc6 4. e4 g6 5. a3 a5 6. d3 Bg7 7. Be2 d6 8. Bg5 Be6 9. 0-0 Nd4 10. Nxd4 exd4 11. Nd5 c6 12. Nxf6+ Bxf6 13. Bxf6 Qxf6 14. Qd2 c5 15. b4 axb4 16. axb4 Rxa1 17. Rxa1 0-0 18. Bf3 Rb8 19. Qa2 Qd8 20. Qa7 Qc7 21. Ra5 cxb4 22. Rb5 Qd8 23. Qxd4 Qc7 24. Rxb4 Qa5 25. Rb1 b5 26. h3 b4 27. Bd1 Qc5 28. Qb2 Qg5 29. Kf1 Qf4 30. Qc2 Qh2 31. Bf3 Qf4 32. Ke2 Qh4 33. Qb3 Qf6 34. Qc2 Qe5 35. Qd2 Qc5 36. Qb2 f5 37. Qd2 fxe4 38. Bxe4 Qh5+ 39. Bf3 Qc5 40. Qe3 Qf5 41. Bg4 Qe5 42. Bxe6+ 1-0

[Event "COL-ch U12"]
[Site "Cali"]
[Date "2019.06.21"]
[Round "4.2"]
[White "Cabiativa, Juan Esteban"]
[Black "Hernandez Guarin, Samuel Andres"]
[Result "1-0"]
[WhiteElo "1514"]
[BlackElo "1386"]
[PlyCount "57"]
[EventDate "2019.06.19"]
[EventType "tourn"]
[EventRounds "9"]
[EventCountry "COL"]
[SourceTitle "CBM 191 Extra"]
[Source "ChessBase"]
[SourceDate "2019.09.30"]
[SourceVersion "1"]
[SourceVersionDate "2019.09.30"]
[SourceQuality "1"]

1. c4 Nf6 2. g3 e5 3. Bg2 Bc5 4. a3 a5 5. Nf3 Nc6 6. e3 d6 7. d4 exd4 8. exd4 Bb6 9. 0-0 0-0 10. Nc3 Bg4 11. Be3 Nd7 12. h3 Bh5 13. Nd5 Ne7 14. Nf4 Bxf3 15. Bxf3 c6 16. b4 axb4 17. axb4 Rxa1 18. Qxa1 Nf5 19. c5 dxc5 20. bxc5 Nxe3 21. fxe3 Bc7 22. Kh2 Re8 23. Re1 Nf6 24. Qb2 Bxf4 25. gxf4 Qd7 26. Re2 g6 27. e4 h5 28. e5 Nh7 29. Rg2 1-0

[Event "COL-ch U12 sf1"]
[Site "Duitama"]
[Date "2019.04.13"]
[Round "4.4"]
[White "Hernandez Guarin, Samuel Andres"]
[Black "Cuartas Lozano, Santiago"]
[Result "1-0"]
[WhiteElo "1338"]
[BlackElo "1500"]
[PlyCount "31"]
[EventDate "2019.04.11"]
[EventType "swiss"]
[EventRounds "6"]
[EventCountry "COL"]
[SourceTitle "EXT 2024"]
[Source "ChessBase"]
[SourceDate "2023.10.10"]
[SourceVersion "1"]
[SourceVersionDate "2023.10.10"]
[SourceQuality "1"]

1. d4 Nf6 2. c4 g6 3. Nc3 Bg7 4. e4 d6 5. h3 0-0 6. Be3 Nbd7 7. Qd2 Nb6 8. Nf3 Re8 9. Rd1 Be6 10. b3 Nbd7 11. d5 Nc5 12. dxe6 Ncxe4 13. Nxe4 Nxe4 14. exf7+ Kf8 15. fxe8Q+ Qxe8 16. Qc2 1-0